000 00371nam a22001457a 4500
008 230227b |||||||| |||| 00| 0 eng d
020 _a978-0-06-168720-4
082 _a813.54
100 _aJohn Grogan
245 _aMarley and Me
_cJohn Grogan
260 _aNew York;
_bHarper,
_c2005
300 _a308 p.
_c17cm
942 _2ddc
999 _c9320
_d9321